| 000 | 00374nam a22001577a 4500 | ||
|---|---|---|---|
| 020 | _a81-8204-048-5 | ||
| 082 |
_a641.2 _bYAD |
||
| 100 | _aYADAV, MANOJ KUMAR | ||
| 245 | _aFOOD AND BEVERAGE SERVICE: A TEXT BOOK | ||
| 250 | _a1ST | ||
| 260 |
_aDELHI _bAMAN PUBLISHER _c2010 |
||
| 300 | _a612 | ||
| 650 | _aFOOD & BEVERAGE | ||
| 653 | _aFOOD, BEVERAGE | ||
| 942 |
_2ddc _cBK _08 |
||
| 999 |
_c8018 _d8018 |
||